| 000 | 00845nam a22002171 4500 | ||
|---|---|---|---|
| 001 | 180118 | ||
| 003 | ES-MaACL | ||
| 005 | 20251212063022.0 | ||
| 008 | 120419s1948 sp |||| | spa d | ||
| 080 | _a821.134.2 Libro de Alexandre 06/08 | ||
| 110 | 1 |
_a _9242611 |
|
| 245 | 1 | 0 |
_aInvestigaciones sobre el Libro de Alexandre / _cpor E. Alarcos Llorach. |
| 260 |
_aMadrid : _bConsejo Superior de Investigaciones Científicas, Patronato "Menéndez Pelayo", Instituto "Miguel de Cervantes", _c1948. |
||
| 300 |
_a190 p. ; _c24 cm. |
||
| 490 | 1 |
_aAnejos de la "Revista de filología española" ; _v45 |
|
| 630 | 0 | 4 |
_aLibro de Alexandre. _9122681 |
| 710 | 2 |
_aInstituto "Miguel de Cervantes" _95133 |
|
| 830 | 1 |
_aAnejos de la "Revista de filología española" ; _v45 _9191161 |
|
| 852 |
_aES-MaACL _jE-15392 |
||
| 999 |
_c180118 _d180118 |
||